| 000 | 00738pam a2200205 a 4500 | ||
|---|---|---|---|
| 020 | _a0306450356 (hardbound) | ||
| 020 | _a0306450364 (pbk.) | ||
| 082 | 0 | 0 |
_a510 _bSHA _cL-39,p-173 |
| 100 | 1 |
_aShankar, Ramamurti. _938882 |
|
| 245 | 1 | 0 |
_aBasic training in mathematics : _ba fitness program for science students / _cR. Shankar. |
| 260 |
_aNew York : _bPlenum Press, _cc1995. |
||
| 300 |
_axv, 365 p. : _bill. ; _c24 cm. |
||
| 500 | _aIncludes index. | ||
| 526 |
_a0 _b0 _c0 _d510_000000000000000_SHA |
||
| 650 | 0 |
_aMathematical analysis. _9198 |
|
| 650 | 0 |
_aMCE _9379 |
|
| 856 | 4 | 1 | _uhttp://www.loc.gov/catdir/enhancements/fy0819/95013532-t.html |
| 856 | 4 | 2 | _uhttp://www.loc.gov/catdir/enhancements/fy0819/95013532-d.html |
| 942 |
_2ddc _cBK |
||
| 999 |
_c543504 _d543504 |
||